000 00627ngm a2200289 a 4500
003 OSt
005 20251020182704.0
008 240217s9999 xx 000 0 und d
040 _aPE SENCICO BE
040 _cPE SENCICO BE
041 _aspa
082 _aQ024
245 0 _aTrebol Celima: Roca Novacel /
245 0 _cSENCICO-INTE
260 _aLima
260 _bSENCICO-INTE
260 _cNo precisa
300 _a1 VIDEO
300 _bson., Col.
300 _c10'
490 _aALBAÑILERIA
520 _aMódulo Uno
650 _aCERAMICOS
651 _aPERÚ
910 _aila.
942 _cVID
_2ddc
999 _c4900
_d4900